Предисловие; Энергия молодых - экономике России; Ч. 2

Библиографические подробности
Источник:Энергия молодых - экономике России: труды VI Всероссийской научно-практической конференции студентов и молодых ученых, Томск, 19-22 апреля 2005 г./ Томский политехнический университет; Вольное экономическое общество России.— , 2005-
Ч. 2.— 2005.— С. 12-13
Главный автор: Артюхова Т. З. Татьяна Захаровна
Язык:русский
Опубликовано: 2005
Предметы:
Формат: MixedMaterials Статья
Запись в KOHA:https://koha.lib.tpu.ru/cgi-bin/koha/opac-detail.pl?biblionumber=140990

MARC

LEADER 00000naa2a2200000 4500
001 140990
005 20231031142314.0
035 |a (RuTPU)RU\TPU\book\152766 
090 |a 140990 
100 |a 20080718d2005 k y0rusy50 ca 
101 0 |a rus 
102 |a RU 
200 1 |a Предисловие  |f Т. З. Артюхова 
461 0 |0 (RuTPU)RU\TPU\book\107328  |t Энергия молодых - экономике России  |o труды VI Всероссийской научно-практической конференции студентов и молодых ученых, Томск, 19-22 апреля 2005 г.  |o в 2 ч.  |f Томский политехнический университет; Вольное экономическое общество России  |d 2005- 
463 0 |0 (RuTPU)RU\TPU\book\73345  |t Ч. 2  |v С. 12-13  |d 2005 
610 1 |a образование 
610 1 |a вузы 
610 1 |a технические университеты 
610 1 |a развитие 
610 1 |a Комплексная программа развития 
610 1 |a труды учёных ТПУ 
610 1 |a инженеры 
610 1 |a подготовка 
700 1 |a Артюхова  |b Т. З.  |c экономист  |c доцент Томского политехнического университета, кандидат экономических наук  |f 1951-  |g Татьяна Захаровна  |2 stltpush  |3 (RuTPU)RU\TPU\pers\25115 
801 1 |a RU  |b 63413507  |c 20080718  |g PSBO 
801 2 |a RU  |b 63413507  |c 20211125  |g RCR 
942 |c BK